Statistics for Demonym in the Answer

Click here to take the quiz!

General Stats

  • This quiz has been taken 24 times
  • The average score is 10 of 20

Answer Stats

HintAnswer% Correct
Deep-fried pieces of potatoes. Some call them chips.French Fries
91%
Pandemic lasting from February 1918 to April 1920 infecting a third of the world's population.Spanish Flu
91%
Game played on a star-shaped board where one tries to move marbles from one point of the star to the opposite point.Chinese Checkers
87%
Major tennis tournament played in the Southern Hemisphere.Australian Open
78%
They protect the Pope and the Apostolic Palace, serving as the de facto military of Vatican City.Swiss Guard
78%
Rolled tobacco product banned in the U.S. since 1962.Cuban Cigar
65%
Childhood disease also known as Rubella.German Measles
65%
Incendiary weapon used by the Byzantine Empire.Greek Fire
52%
A stew of meat and vegetables seasoned with paprika.Hungarian Goulash
48%
Antagonists in the Tom Hanks movie Captain PhillipsSomali Pirates
48%
Guess Who song covered by Lenny Kravitz.American Woman
43%
1941 Bogart movie about the search for a valuable statuette.The Maltese Falcon
43%
Ground meat in a spherical shape served with a creamy gravy.Swedish Meatballs.
39%
Cured and smoked pork loin, a slice of which is on McDonald's Egg McMuffin.Canadian Bacon
35%
According to the American Kennel Club this dog breed is an active, aristocratic bird dog, rich red in color, substantial yet elegant in build.Irish Setter
35%
Stir fried rice noodles with chicken, beef or tofu, peanuts, a scrambled egg, and bean sprouts, and other vegetables.Pad Thai
35%
A woolen blanket or shawl, usually knitted or crocheted. It is sometimes also called a "throw" of indeterminate size.Afghan
30%
Plant fiber prized for being soft, fine and durable. It is found in high quality bedsheets.Egyptian Cotton
30%
White and flaky fish that tastes similar to cod. Also known as Patagonian toothfish.Chilean Sea Bass
22%
Venomous lizard closely related to the Gila MonsterMexican Beaded Lizard
0%

Score Distribution

Percentile by Number Answered

Percent of People with Each Score

Your Score History

You have not taken this quiz